Fire Emblem Playable Characters - J - Statistics

General Stats
  • This quiz has been taken 101 times
    40 since last reset
  • The average score is 13 of 24
Answer Stats
Answer % Correct
Jake
73%
Jakob
73%
Joshua
73%
Jagen
67%
Jamke
67%
Jubelo
67%
Julia
67%
Julian
67%
Jaffar
60%
Jarod
60%
Jean
60%
Jeanne
60%
Julius
60%
Jeorge
53%
Jeritza
53%
Jade
47%
Jeralt
47%
Jesse
47%
Jorge
47%
Juno
47%
Janaff
40%
Jedah
40%
Jill
40%
Joachim
33%
No matching quizzes found
Score Distribution
Percent of People with Each Score
Percentile by Number Answered
Your Score History
You have not taken this quiz since the last reset